| 000 | 01010nam a22002297a 4500 | ||
|---|---|---|---|
| 999 |
_c18330 _d18330 |
||
| 003 | AR-CdUCM | ||
| 008 | 190308b ||||| |||| 00| 0 spa d | ||
| 040 |
_aMUNICIPALIDAD PROVINCIAL DEL CUSCO _cBIBLIOTECA MUNICIPAL DEL CUSCO |
||
| 082 |
_a976.02 / _bD69 |
||
| 100 |
_aDíaz del Castillo, Bernal _938847 |
||
| 245 | _aHistoria verdadera de la conquista de la Nueva España / | ||
| 260 |
_aArgentina : _bUniversitaria de Buenos Aires, _c1964. |
||
| 300 |
_a201 páginas ; _c21 cm. |
||
| 440 |
_aSerie del Nuevo Mundo _97628 |
||
| 505 | _aContenido : Comienza la relación de la historia -- de los borrones y cosas que escriben los cronistas Gómara y Illescas acerca de la Nueva España -- como el capitán Hernan Cortés se embarco con todos los soldados para ir a la Habana ... | ||
| 650 |
_aColonizacion de America del Sur _914034 |
||
| 650 |
_aHistoria de Sudamerica _914035 |
||
| 650 |
_aInvasion y Colonizacion _914036 |
||
| 650 |
_aHernando Cortés _938848 |
||
| 942 |
_2ddc _cLIBROS |
||
| 945 | _arcc | ||